000 00216nam a2200097Ia 4500
005 20251222114339.0
008 251222s1900||||xx |||||||||||||| ||spa||
082 _aDVD0080/E52/2011/BR
245 0 _aAnonymous:
942 _cDVD
999 _c789
_d789